| 000 | 00935nam a2200265 i 4500 | ||
|---|---|---|---|
| 001 | 79641 | ||
| 003 | ES-MaACL | ||
| 005 | 20230906174024.0 | ||
| 007 | t| | ||
| 008 | 041022s1975 sp ||||1| spa d | ||
| 020 | _a84-287-0355-8 | ||
| 100 | 1 |
_aHernando, Miguel Angel. _963092 |
|
| 245 | 1 | 0 |
_aProsa vanguardista en la generación del 27 : _b(Gecé y La Gaceta literaria) / _cMiguel Ángel Hernando. |
| 260 |
_a[Madrid] : _bPrensa Española, _c1975. |
||
| 300 |
_a378 p. ; _c18 cm. |
||
| 490 | 1 |
_aEl soto ; _v25 |
|
| 594 | _aGecé es seud. de Ernesto Giménez Caballero. | ||
| 600 | 1 | 4 |
_aGiménez Caballero, Ernesto, _d1899-1988 _957038 |
| 630 | 3 | 4 |
_aLa Gaceta literaria (Madrid. 1927) _9143755 |
| 650 |
_aGeneración del 27 (Literatura) _913050 |
||
| 650 | 4 |
_aLiteratura española- _yS.XX- _xHistoria y crítica. _9141686 |
|
| 830 | 1 |
_aEl soto ; _v25 _9187190 |
|
| 852 |
_aES-MaACL _jE-8515 |
||
| 999 |
_c79641 _d79641 |
||